| 000 | 00791na a2200253 4500 | ||
|---|---|---|---|
| 001 | 20508 | ||
| 003 | MIRAKIL | ||
| 005 | 20181213154943.0 | ||
| 008 | 170123b tu 000 0 | ||
| 040 |
_aMilas _btur _cTR-AnCHP |
||
| 041 | _atur | ||
| 082 |
_a332 _bH81f 1939 |
||
| 090 | _a332 H81f 1939 | ||
| 100 | _aHuber, Michel | ||
| 245 |
_aFiat müşahede teşkilatı _cMichel Huber; çeviren Şefik İnan |
||
| 260 |
_aAnkara _bBaşvekalet İstatistik Umum Müdürlüğü _c1939 _fYeni Cezaevi Matbaası |
||
| 300 |
_a48 s. _c23 sm. |
||
| 440 | _aBaşvekalet istatistik Umum Müdürlüğü | ||
| 490 |
_aNeşriyat tetkikler Serisi _v146/76 |
||
| 650 |
_aEkonomi _xFiyatlar _yEnflasyon |
||
| 650 |
_aFinans ekonomisi _xFiyat endeskleri |
||
| 700 | _aİnan, Şefik | ||
| 942 |
_2ddc _cBKS |
||
| 999 |
_c3795 _d3795 |
||